Año virgíneo (Record no. 8418)

MARC details
000 -CABECERA
campo de control de longitud fija 02288nam a2200301 a 4500
001 - NÚMERO DE CONTROL
campo de control BRCA_8767
005 - FECHA Y HORA DE LA ÚLTIMA TRANSACCIÓN
campo de control 20190320210411.0
008 - DATOS DE LONGITUD FIJA--INFORMACIÓN GENERAL
campo de control de longitud fija 290317s1731----sp-#######---#000-0#spa-#
041 ## - CÓDIGO DE LENGUA
Código de lengua del texto/banda sonora o título independiente spa
044 ## - CÓDIGO DEL PAÍS DE LA ENTIDAD EDITORA/PRODUCTORA
Código MARC del país sp
084 ## - OTRO NÚMERO DE CLASIFICACIÓN
Número de clasificación BE131
Número de documento/Ítem .D65 1731
100 1# - ENTRADA PRINCIPAL--NOMBRE DE PERSONA
Nombre de persona Dolz del Castellar, Esteban
9 (RLIN) 21832
245 10 - MENCIÓN DE TÍTULO
Título Año virgíneo
Resto del título cuyos días son, finezas de la Gran Rina del Cielo María Santissima, Virgen, Madre del Altissimo, succedidas en aquellos mismos días, que se refieren: añadense a estas trecientos i sesenta i seis Exemplos, con otras tantas Exhortaciones Oraciones, Exercicios, i Elogios, Sacados de los Santos Padres, para quien le preciare día del año sin atributarle algún particular obsequio
Mención de responsabilidad, etc. su avthor el Doct. D. Estevan Dolz Del Castellar...
260 ## - PUBLICACIÓN, DISTRIBUCIÓN, ETC.
Lugar de publicación, distribución, etc. Mvrcia
Nombre del editor, distribuidor, etc. En la imprenta de Jayme Esmenier, impresor, i mercader de libros
Fecha de publicación, distribución, etc. 1731
300 ## - DESCRIPCIÓN FÍSICA
Extensión 320 p. (t.2)
Dimensiones 20.2 x 15 cm.
500 ## - NOTA GENERAL
Nota general Con licencia del real consejo en Mvrcia
500 ## - NOTA GENERAL
Nota general En portada: Corregido, i emendado en esta sexta impresión, según el expurgatorio del año de 1707
500 ## - NOTA GENERAL
Nota general En portada: Dedicada al Exmo. Señor Don Diego de Astorga i Céspedes.
500 ## - NOTA GENERAL
Nota general Estado físico: presenta encuadernación en pergamino, con lomo semi desprendido y cintas rotas
500 ## - NOTA GENERAL
Nota general Con marca de fuego: “Procedencia de la marca: Colegio Jesuita de San Francisco Xavier de la Ciudad de Querétaro (1). Institución: Provincia Mexicana de la Compañía de Jesús. Descripción: Iniciales S. Xr. Q. que se desata como S[an] X[avie]r [de] Q[uerétaro.]. Observaciones: A falta de un testimonio de pertenencia se hace la atribución de la marca en función a la realizada por David Saavedra Vega. Se espera localizar otro ejemplar que corrobore esta atribución. Ubicación de la marca en el libro: Canto superior”
650 14 - PUNTO DE ACCESO ADICIONAL DE MATERIA--TÉRMINO DE MATERIA
Término de materia o nombre geográfico como elemento de entrada Virgen María
Subdivisión general Sermones
Subdivisión cronológica Obras anteriores a 1800
9 (RLIN) 21833
650 14 - PUNTO DE ACCESO ADICIONAL DE MATERIA--TÉRMINO DE MATERIA
Término de materia o nombre geográfico como elemento de entrada Calendario litúrgico
Subdivisión cronológica Obras anteriores a 1800
9 (RLIN) 21834
700 1# - PUNTO DE ACCESO ADICIONAL--NOMBRE DE PERSONA
Nombre de persona Esmenier, Jayme
Término indicativo de función/relación Impresor
9 (RLIN) 21835
700 1# - PUNTO DE ACCESO ADICIONAL--NOMBRE DE PERSONA
Nombre de persona Astorga i Céspedes, Diego de
Títulos y otros términos asociados al nombre Arzobispo
9 (RLIN) 21836
856 ## - LOCALIZACIÓN Y ACCESO ELECTRÓNICOS
Nombre del host http://www.marcasdefuego.buap.mx:8180/xmLibris/projects/firebrand/item.jsp?repository=marcas_de_fuego&key=marcas_de_fuego_marcas_de_fuego_20151006120916_4064.xml&num=5
902 ## - CATALOGADOR
Iniciales CFM
942 ## - ELEMENTOS DE PUNTO DE ACCESO ADICIONAL (KOHA)
Fuente del sistema de clasificación o colocación Library of Congress Classification
Tipo de ítem Koha Libros
Holdings
Estado de retiro Estado de pérdida Estado dañado No para préstamo Localización permanente Ubicación/localización actual Fecha de adquisición Total de préstamos Signatura topográfica completa Código de barras Fecha visto por última vez Precio válido a partir de Tipo de ítem Koha
El ejemplar forma parte de la colección y puede ser consultado según las políticas vigentes.       Biblioteca del Museo Franz Mayer (Rogerio Casas-Alatriste) Biblioteca del Museo Franz Mayer (Rogerio Casas-Alatriste) 29/03/2017   BE131 .D65 1731 CFM00093 22/03/2019 22/03/2019 Libros